| 000 | 01204nmm a2200349 a 4500 | ||
|---|---|---|---|
| 003 | AR-BaBNM | ||
| 005 | 20251128205336.0 | ||
| 008 | 097019s1996 ||||||||||||||000 | spa|| | ||
| 040 | _cAR-BaBNM | ||
| 110 | 2 |
_aAsociación de Colegios y Escuelas Jesuitas _bComisión de Educación - Compañía de Jesús [Argentina] |
|
| 245 | 1 | 0 |
_aLa identidad ignaciana en la educación _borientación, principios y propuestas |
| 260 |
_aBuenos Aires _bComisión de Educación Compañía de Jesús _c1996 |
||
| 300 | 0 | _a226 p. | |
| 500 | 0 | _aContiene nómina de colegios ignacianos en Argentina | |
| 504 | _aBibliografía: p. 224-225 | ||
| 600 | 0 | 4 |
_aIgnacio de Loyola _d1491-1556 |
| 650 | 4 | _aEDUCACION CRISTIANA | |
| 650 | 4 | _aIGLESIA Y EDUCACION | |
| 650 | 4 | _aOBJETIVOS EDUCACIONALES | |
| 650 | 4 | _aEDUCACION MORAL | |
| 650 | 4 | _aGRUPOS RELIGIOSOS | |
| 650 | 4 | _aANIMADORES DE GRUPOS DE JOVENES | |
| 650 | 4 | _aANIMADORES DE GRUPOS DE ADULTOS | |
| 650 | 4 | _aROL DEL DOCENTE | |
| 650 | 4 | _aCRISTIANISMO | |
| 653 | 0 | _aEDUCACION SECUNDARIA | |
| 653 | 0 | _aENCICLICAS | |
| 700 | 1 |
_aMoscato, Ricardo C. _eprologuista |
|
| 700 | 1 |
_aMaussion Torres, Luis I. de _eprologuista |
|
| 942 | _cBK | ||
| 998 | _cSILVI | ||
| 999 |
_c11006 _d11006 |
||